Schindlerova archa
Uložené v:
| Hlavný autor: | |
|---|---|
| Ďalší autori: | |
| Médium: | Rukopis Kniha |
| Jazyk: | Slovak |
| Vydavateľské údaje: |
2024
|
| Predmet: | |
| On-line prístup: | http://is.stuba.sk/zp/portal_zp.pl?podrobnosti=178908 |
| Tagy: |
Žiadne tagy, Buďte prvý, kto otaguje tento záznam!
|
MARC
| LEADER | 00000ntm a22000003a 4500 | ||
|---|---|---|---|
| 001 | stuzp99793 | ||
| 003 | SK-STU | ||
| 005 | 20240608213229.1 | ||
| 007 | ta | ||
| 008 | 150427s2015----xo-----f-mn---000-0-slo-d | ||
| 040 | |a STU |b slo | ||
| 041 | 0 | |a slo | |
| 100 | 1 | |a Holicová, Katarína |u 056160 |4 aut |U FAD Fakulta architektúry a dizajnu |T FAD Ústav urbanizmu a územného plánovania |X 99341 |U A6160 |Y 397 |7 99341 | |
| 242 | 0 | 1 | |a SCHINDLER´S ARK |y eng |
| 245 | 1 | 0 | |a Schindlerova archa |
| 260 | |c 2024 | ||
| 650 | 4 | |a múzeum |2 slo | |
| 650 | 4 | |a pamätník |2 slo | |
| 650 | 4 | |a textilka |2 slo | |
| 650 | 4 | |a fabrika |2 slo | |
| 650 | 4 | |a Schindler |2 slo | |
| 650 | 4 | |a Schindler |2 eng | |
| 650 | 4 | |a museum |2 eng | |
| 650 | 4 | |a textile factory |2 eng | |
| 650 | 4 | |a factory |2 eng | |
| 650 | 4 | |a memorial |2 eng | |
| 700 | 1 | |a Hanáček, Tomáš |4 ths |X 23660 |7 A000023660 | |
| 856 | 4 | |u http://is.stuba.sk/zp/portal_zp.pl?podrobnosti=178908 | |